Sonia Gandhi : (Record no. 130114)

MARC details
000 -LEADER
fixed length control field 00860nam a22002657a 4500
005 - DATE AND TIME OF LATEST TRANSACTION
control field 20170124110107.0
010 ## - LIBRARY OF CONGRESS CONTROL NUMBER
LC control number A-895409
020 ## - INTERNATIONAL STANDARD BOOK NUMBER
Terms of availability 00.00
International Standard Book Number 8170249880
035 ## - SYSTEM CONTROL NUMBER
System control number A-895409
037 ## - SOURCE OF ACQUISITION
Source of stock number/acquisition Cen Lib/Ret
040 ## - CATALOGING SOURCE
Original cataloging agency DPL
Language of cataloging EN
082 ## - DEWEY DECIMAL CLASSIFICATION NUMBER
Classification number 923.2
Item number SON
245 ## - TITLE STATEMENT
Title Sonia Gandhi :
Statement of responsibility, etc edited by S. R. Bakshi, Sita Ram Sharma [and] S. Gajnani
Remainder of title the president of AICC /
260 ## - PUBLICATION, DISTRIBUTION, ETC. (IMPRINT)
Place of publication, distribution, etc New Delhi
Name of publisher, distributor, etc A. P. H. Publishing Corporation
Date of publication, distribution, etc 1998
270 ## - ADDRESS
City New Delhi
Address 5, Ansari Road, Darya Ganj
Postal code 110002
300 ## - PHYSICAL DESCRIPTION
Extent 196p.
Dimensions 21cm(Hb)
490 ## - SERIES STATEMENT
Series statement Contemporary political leadership in India
500 ## - GENERAL NOTE
General note Includes index<br/>
650 ## - SUBJECT ADDED ENTRY--TOPICAL TERM
Topical term or geographic name as entry element Political science
9 (RLIN) 28329
650 ## - SUBJECT ADDED ENTRY--TOPICAL TERM
Topical term or geographic name as entry element Politicians
9 (RLIN) 9392
700 ## - ADDED ENTRY--PERSONAL NAME
Personal name Bakshi, S. R.
9 (RLIN) 1667
700 ## - ADDED ENTRY--PERSONAL NAME
Personal name Sharma, Sita Ram
9 (RLIN) 17529
700 ## - ADDED ENTRY--PERSONAL NAME
Personal name Gajnani, S.
9 (RLIN) 28318
942 ## - ADDED ENTRY ELEMENTS (KOHA)
Source of classification or shelving scheme Dewey Decimal Classification
Koha item type English Books
Classification part 923.2
Call number suffix SON
Holdings
Withdrawn status Lost status Damaged status Not for loan Home library Current library Date acquired Source of acquisition Cost, normal purchase price Total Checkouts Full call number Barcode Date last seen Copy number Cost, replacement price Price effective from Koha item type
        Central Library Central Library 08/07/2015 Cen Lib/Ret 0.00   923.2 SON A-895409 08/07/2015 1 0.00 08/07/2015 English Books

© Delhi Public Library
Hit Counter
free hit counter